Manolo García - albumes - Estadísticas

Estadísticas generales
  • Esta prueba ha sido intentada 7 veces
  • La puntuación promedio es 3 de 7
Estadísticas de respuestas
Hint Respuesta % Correcto
2001 Nunca el tiempo es perdido
100%
1998 Arena en los bolsillos
67%
2018 Geometría del rayo
50%
2008 Saldremos a la lluvia
50%
2011 Los días intactos
33%
2004 Para que no se duerman mis sentidos
33%
2014 Todos es ahora
0%
No se encontraron pruebas coincidentes
Distribución de puntuación
Porcentaje de gente con cada puntuación
Porcentaje por número respondido
Historial de tus puntuaciones
No has intentado esta prueba.